Folclore (Registro n. 661)

Detalhes MARC
000 -LEADER
fixed length control field 00934nas a2200241 4500
005 - DATE AND TIME OF LATEST TRANSACTION
control field 20260514111834.0
008 - FIXED-LENGTH DATA ELEMENTS--GENERAL INFORMATION
fixed length control field 260514b19491982pormr|p|r||||l00| z0por d
040 ## - CATALOGING SOURCE
Transcribing agency BR-ViAPE
245 ## - TITLE STATEMENT
Title Folclore
260 ## - PUBLICATION, DISTRIBUTION, ETC.
Place of publication, distribution, etc. Vitória
Name of publisher, distributor, etc. Comissão Espírito-santense de Folclore
Date of publication, distribution, etc. 1949-1982
300 ## - PHYSICAL DESCRIPTION
Other physical details il.
Extent v.
310 ## - CURRENT PUBLICATION FREQUENCY
Current publication frequency Mensal
362 ## - DATES OF PUBLICATION AND/OR SEQUENTIAL DESIGNATION
Dates of publication and/or sequential designation Ano 1, n. 1 (jul. ago. 1949) - n. 95 (dez. 1982).
500 ## - GENERAL NOTE
General note Disponibilizada apenas a imagem da capa na versão digital, em virtude de restrições de direitos autorais.
500 ## - GENERAL NOTE
General note Coleção incompleta: disponíveis apenas alguns números do periódico.
650 ## - SUBJECT ADDED ENTRY--TOPICAL TERM
Topical term or geographic name entry element Folclore
General subdivision Popular
-- História
Geographic subdivision Espírito Santo
651 ## - SUBJECT ADDED ENTRY--GEOGRAPHIC NAME
Geographic name Espírito Santo (Brasil)
Form subdivision Periódicos
655 ## - INDEX TERM--GENRE/FORM
Genre/form data or focus term Periódicos históricos
700 ## - ADDED ENTRY--PERSONAL NAME
Personal name Neves, Santos Guilherme
Relator term Diretor
710 ## - ADDED ENTRY--CORPORATE NAME
Corporate name or jurisdiction name as entry element Comissão Espírito-santense de Folclore
942 ## - ADDED ENTRY ELEMENTS (KOHA)
Source of classification or shelving scheme Dewey Decimal Classification
Suppress in OPAC Yes
Koha item type Periódicos
Exemplares
Withdrawn status Lost status Source of classification or shelving scheme Damaged status Not for loan Home library Current library Date acquired Total checkouts Date last seen Price effective from Koha item type
    Dewey Decimal Classification     Hemeroteca Digital do Arquivo Público do Estado do Espírito Santo Hemeroteca Digital do Arquivo Público do Estado do Espírito Santo 05/14/2026   05/14/2026 05/14/2026 Periódicos